British Airways Flight Destinations - Statistics

General Stats
  • This quiz has been taken 123 times
  • The average score is 100 of 183
Answer Stats
Destination % Correct
New York
93%
Paris
91%
Los Angeles
88%
Madrid
88%
Miami
86%
Dublin
85%
Lisbon
85%
Toronto
85%
Amsterdam
84%
Dallas
84%
Isle of Man
84%
Moscow
84%
Oslo
84%
Athens
83%
Barcelona
83%
Berlin
83%
Mexico City
83%
Rio de Janeiro
83%
Vancouver
83%
Beijing
81%
Houston
81%
San Francisco
81%
Tokyo
81%
Boston
80%
Porto
80%
Rome
80%
Cape Town
79%
Dubai
79%
Edinburgh
79%
Frankfurt
79%
Orlando
79%
Atlanta
78%
Bangkok
78%
Brussels
78%
Milan
78%
Mumbai
78%
New Delhi
78%
Shanghai
78%
Warsaw
78%
Washington
78%
Budapest
76%
Cairo
76%
Chicago
76%
Glasgow
76%
Sao Paulo
76%
Seattle
76%
Stockholm
76%
Helsinki
75%
Istanbul
75%
Munich
75%
Singapore
75%
Copenhagen
74%
Johannesburg
74%
Vienna
74%
Las Vegas
73%
Sydney
73%
Lyon
71%
Montreal
71%
Nice
71%
Bucharest
70%
Buenos Aires
70%
Manchester
70%
Denver
69%
Hamburg
69%
Hong Kong
69%
Belfast
68%
Marseille
68%
Naples
68%
Tel Aviv
68%
Venice
68%
Zurich
68%
Abu Dhabi
66%
Doha
66%
Santiago
66%
Geneva
65%
Philadelphia
65%
Zagreb
65%
San Diego
64%
Seoul
64%
Prague
63%
Krakow
61%
Lagos
61%
Malaga
61%
Riyadh
61%
Osaka
59%
Cancun
58%
Palma de Mallorca
58%
Phoenix
58%
Dusseldorf
56%
Newcastle
56%
Reykjavik
56%
Stuttgart
56%
Turin
56%
Luxembourg
55%
Nairobi
55%
Sofia
55%
Kingston
54%
Tenerife
54%
Valencia
54%
Aberdeen
53%
Kuala Lumpur
53%
San Jose
53%
Accra
51%
Austin
51%
Seville
51%
Ibiza
50%
Newark
50%
Algiers
49%
Beirut
49%
Bordeaux
49%
Jeddah
49%
Islamabad
48%
New Orleans
48%
Florence
46%
Gothenburg
46%
Kuwait City
46%
Tampa
46%
Abuja
45%
Amman
45%
Dubrovnik
45%
Faro
45%
Nassau
45%
Tirana
45%
Toulouse
45%
Baltimore
43%
Bilbao
43%
Cologne
43%
Hannover
43%
Muscat
43%
Bridgetown
41%
Chennai
41%
Nashville
41%
Basel
40%
Gran Canaria
40%
Inverness
40%
Marrakesh
40%
Bengaluru
39%
Gibraltar
38%
Hyderabad
38%
Rotterdam
38%
Leeds
36%
Alicante
35%
Genoa
35%
Male
35%
Salzburg
35%
Bologna
34%
Pisa
34%
Jersey
33%
Pittsburgh
33%
Larnaca
31%
Funchal
30%
Grenada
30%
Shannon
30%
Bahrain
29%
Durban
29%
Nuremburg
28%
Baku
26%
Innsbruck
26%
Lanzarote
26%
Punta Cana
26%
Billund
25%
Antigua
24%
George Town
24%
Bermuda
23%
Leipzig
21%
Port of Spain
21%
Port Louis
20%
Dammam
19%
Verona
19%
Harare
16%
Victoria
14%
Grenoble
9%
Providenciales
9%
Windhoek
9%
Basseterre
8%
Port Elizabeth
8%
Luqa
5%
Chambery
4%
Vieux Fort
3%
Livingstone
1%
Scarborough
1%
Victoria Falls
1%
No matching quizzes found
Score Distribution
Percent of People with Each Score
Percentile by Number Answered
Your Score History
You have not taken this quiz